Missing Word: Prince Quiz Stats

 Plays Quiz Updated Nov 10, 2013

Support Sporcle.
Go Orange.
Score 0/16 Timer 03:00
1 Play Today
Song Missing Word % Correct
____ RainPurple
97.5%
When ____ CryDoves
90.6%
I ____ Die 4 UWould
83.7%
Little Red ____Corvette
81.9%
Raspberry ____Beret
75%
I Wanna Be Your ____Lover
58.9%
Let's Go ____Crazy
58.5%
Diamonds and ____Pearls
50.2%
Song Missing Word % Correct
____ Me With UTake
43.8%
Gett ____Off
28.2%
____ LifePop
21.7%
____ Don't Matter 2 NightMoney
21.4%
____ My NameCall
16.9%
Black ____Sweat
14.2%
The ____ PapersMorning
13.6%
The ____ Of OrionArms
13.2%

Today's Daily Dose

From the Vault

VH1's 100 Songs (2000s)

by bestein

Music 15m
If you guess Bob Dylan or The Beatles for 'Thong Song' you might need to have your iPod fixed.
Remove Ads.
Support Sporcle.
Get the best of Sporcle when you Go Orange. This ad-free experience offers more features, more stats, and more fun while also helping to support Sporcle. Thank you for becoming a member.

Show Comments

Extras

Top Quizzes Today


Score Distribution

Your Account Isn't Verified!

In order to create a playlist on Sporcle, you need to verify the email address you used during registration. Go to your Sporcle Settings to finish the process.

Report this User

Report this user for behavior that violates our Community Guidelines.

Details: